000 00550nam a2200217Ia 4500
003 OSt
005 20221005121446.0
006 a|||||r|||| 00| 0
007 ta
008 221004b |||||||| |||| 00| 0 per d
024 _a63277
037 _cTextual
040 _aCRL
_cCRL
_bper
041 _2per
_aper
082 _aO164,1G07,1, 111N2
100 _aWilkison
_9630641
245 0 _aHidden reality
650 _aPERSIAN LITERATURE
_9309
942 _hO164,1G07,1, 111N2
_cTEXL
_2cc
999 _c1041212
_d1041212